Ensayos sobre las economías en vías de desarrollo / (Record no. 86126)

MARC details
000 -LEADER
campo de control de longitud fija 00564nam a2200169 i 4500
001 - NÚMERO DE CONTROL
campo de control 86126
003 - IDENTIFICADOR DE NÚMERO DE CONTROL
campo de control ES-MaACL
007 - CAMPO FIJO DE DESCRIPCIÓN FÍSICA--INFORMACIÓN GENERAL
campo de control de longitud fija t|
008 - DATOS DE LONGITUD FIJA--INFORMACIÓN GENERAL
campo de control de longitud fija 041207s1980 sp ||||1| spa d
100 1# - ENTRADA PRINCIPAL--NOMBRE DE PERSONA
Nombre de persona Kalecki, Michal.
9 (RLIN) 67444
245 10 - MENCIÓN DEL TÍTULO
Título Ensayos sobre las economías en vías de desarrollo /
Mención de responsabilidad, etc. Michal Kalecki ; instroducción de Joan Robinson ; [traducción de Isabel Verdeja].
260 ## - PUBLICACIÓN, DISTRIBUCIÓN, ETC.
Lugar de publicación, distribución, etc. Barcelona :
Nombre del editor, distribuidor, etc. Crítica,
Fecha de publicación, distribución, etc. [1980]
300 ## - DESCRIPCIÓN FÍSICA
Extensión 240 p. ;
Dimensiones 20 cm.
700 1# - ENTRADA AGREGADA--NOMBRE PERSONAL
Nombre de persona Verdeja, Isabel.
9 (RLIN) 114015
700 1# - ENTRADA AGREGADA--NOMBRE PERSONAL
Nombre de persona Robinson, Joan.
9 (RLIN) 97894
852 ## - LOCALIZACIÓN
Ubicación ES-MaACL
Número de control de estantería L-705
Sublocalización o colección R.101203
Holdings
Estatus retirado Estado de pérdida Estado de daño No para préstamo Biblioteca de origen Biblioteca actual Ubicación en estantería Fecha de adquisición Fuente de adquisición Total de préstamos Signatura topográfica completa Código de barras Visto por última vez Precio de reemplazo Tipo de ítem Koha
        Biblioteca del Ateneo de Madrid Biblioteca del Ateneo de Madrid Depósito 2 17/01/2008     L-705 1089993 23/02/2023 23/02/2023 Libro impreso